000 00708nam a2200217Ii 4500
003 JO-AjNU
008 230605s9999||||xx |||||||||||||| ||und||
017 _a1980/2217
020 _a977-247-983-4
040 _aJO-AjNU
_bara
_erda
_cJO-AjNU
041 _aara
050 1 4 _aBP173.25.K4278 1980
100 3 _aالخشاب، سامية,
_eauthor
_936861
245 0 0 _aعلم الإجتماع الإسلامي
264 3 1 _aالقاهرة: دار المعارف، 1980
300 _a142ص
336 _atext
_btxt
_2rdacontent
337 _aunmediated
_bn
_2rdamedia
338 _avolume
_bnc
_2rdacarrier
650 4 _aعلم الاجتماع الديني- علم الاجتماع الاسلامي
_936862
999 _aA15352
_c18920
_d18920